Statistics for EFL Championship Teams 2018/19

Click here to take the quiz!

General Stats

  • This quiz has been taken 40 times
  • The average score is 20 of 24

Answer Stats

Team% Correct
Aston Villa
100%
Norwich City
97%
Ipswich Town
94%
Hull City
94%
Leeds United
94%
Sheffield United
94%
West Bromwich Albion
92%
Sheffield Wednesday
92%
Birmingham City
92%
Nottingham Forest
83%
Bolton Wanderers
83%
Queens Park Rangers
83%
Rotherham United
81%
Brentford
81%
Bristol City
81%
Swansea City
81%
Preston North End
81%
Wigan Athletic
78%
Millwall
78%
Middlesbrough
78%
Derby County
78%
Reading
72%
Stoke City
72%
Blackburn Rovers
72%

Score Distribution

Percentile by Number Answered

Percent of People with Each Score

Your Score History

You have not taken this quiz